Statistics for Ultimate Presidents Quiz

Click here to take the quiz!

General Stats

  • This quiz has been taken 38 times
  • The average score is 56 of 135

Answer Stats

HintAnswer% Correct
1George Washington
100%
45Donald Trump
59%
Years2017-
53%
44Barack Obama
53%
42Bill Clinton
53%
34Dwight D. Eisenhower
53%
32Franklin D. Roosevelt
53%
41George H. W. Bush
53%
43George W. Bush
53%
33Harry S. Truman
53%
35John F. Kennedy
53%
37Richard Nixon
53%
40Ronald Reagan
53%
3Thomas Jefferson
53%
28Woodrow Wilson
53%
Years1893-1897
47%
Years1897-1901
47%
Years1901-1909
47%
Years1909-1913
47%
Years1913-1921
47%
Years1921-1923
47%
Years1923-1929
47%
Years1929-1933
47%
Years1933-1945
47%
Years1945-1953
47%
Years1953-1961
47%
Years1961-1963
47%
Years1963-1969
47%
Years1969-1974
47%
Years1974-1977
47%
Years1977-1981
47%
Years1981-1989
47%
Years1989-1993
47%
Years1993-2001
47%
Years2001-2009
47%
Years2009-2017
47%
16Abraham Lincoln
47%
7Andrew Jackson
47%
30Calvin Coolidge
47%
38Gerald Ford
47%
24Grover Cleveland
47%
31Herbert Hoover
47%
11James K. Polk
47%
4James Madison
47%
5James Monroe
47%
39Jimmy Carter
47%
2John Adams
47%
6John Quincy Adams
47%
36Lyndon B. Johnson
47%
8Martin Van Buren
47%
PartyRepublican
47%
26Theodore Roosevelt
47%
25William McKinley
47%
Years1889-1893
41%
17Andrew Johnson
41%
23Benjamin Harrison
41%
21Chester A. Arthur
41%
PartyDemocratic
41%
PartyDemocratic
41%
PartyDemocratic
41%
PartyDemocratic
41%
PartyDemocratic
41%
PartyDemocratic
41%
PartyDemocratic
41%
PartyDemocratic
41%
22Grover Cleveland
41%
PartyIndependent
41%
20James A. Garfield
41%
10John Tyler
41%
13Millard Fillmore
41%
PartyRepublican
41%
PartyRepublican
41%
PartyRepublican
41%
PartyRepublican
41%
PartyRepublican
41%
PartyRepublican
41%
PartyRepublican
41%
PartyRepublican
41%
PartyRepublican
41%
PartyRepublican
41%
18Ulysses S. Grant
41%
29Warren G. Harding
41%
9William Henry Harrison
41%
27William Howard Taft
41%
Years1789-1797
35%
Years1797-1801
35%
Years1801-1809
35%
Years1809-1817
35%
Years1817-1825
35%
Years1825-1829
35%
Years1829-1837
35%
Years1837-1841
35%
Years1841-1841
35%
Years1841-1845
35%
Years1845-1849
35%
Years1849-1850
35%
Years1850-1853
35%
Years1853-1857
35%
Years1857-1861
35%
Years1861-1865
35%
Years1865-1869
35%
Years1869-1877
35%
Years1877-1881
35%
Years1881-1881
35%
Years1881-1885
35%
Years1885-1889
35%
PartyDemocratic
35%
PartyDemocratic
35%
PartyDemocratic
35%
PartyDemocratic
35%
14Franklin Pierce
35%
15James Buchanan
35%
PartyRepublican
35%
PartyRepublican
35%
PartyRepublican
35%
PartyRepublican
35%
PartyRepublican
35%
PartyRepublican
35%
19Rutherford B. Hayes
35%
12Zachary Taylor
35%
PartyDemocratic
29%
PartyDemocratic
29%
PartyDemocratic
29%
PartyDemocratic
29%
PartyDemocratic Republican
29%
PartyDemocratic Republican
29%
PartyDemocratic Republican
29%
PartyDemocratic-Republican
29%
PartyFederalist
29%
PartyRepublican
29%
PartyRepublican
29%
PartyWhig
29%
PartyWhig
29%
PartyWhig
29%
PartyWhig
29%

Score Distribution

Percentile by Number Answered

Percent of People with Each Score

Your Score History

You have not taken this quiz